000 02660nam0a22004091 4500
001 RU\NLR\A1\26280
005 20260406105912.0
035 _a(NLR Aleph) 009680599
090 _a9700293
_c9700293
100 _a19990906d1794 u y0rusy50 ca
101 1 _arus
_ceng
102 _aRU
200 1 _aКарманный лечебник,
_eСодержащий в себе краткое и ясное описание признаков, причин и способов к излечению внутренних и наружных болезней, приключающихся телу человеческому,
_eС показанием действий и приемов сложных и простых лекарств.
_fВыбран из сочинений славнейших врачей и по алфавиту расположен врачебной науки доктором Иваном Эллиотом,
_gА с аглинскаго на российской язык переведен, и с присовокуплением местами своих рецептов и пр. по алфавиту российских слов разпределен Данилом Писчековым, медицины доктором, земледелия и других наук профессором и Вольнаго экономическаго общества членом.
205 _aВновь высмотрен, исправлен и издан 2-м тиснением
_bС новыми практическими же наблюдениями и пр.
210 _aМ.
_cИждивением Ивана Водопьянова
_cТип. А.Решетникова
_d1794
215 _a[6], IV, 6, 316 с.
_d
321 1 _aСК XVIII 8603
620 _dМосква
700 1 _6z01700
_6z02790
_aЭллиот
_bД.
_f1736-1786
_gДжон
_4070
700 1 _6z01700
_aElliott
_bJ.
_gJohn
_7ba
702 1 _4610
_8rus
_7ca
_aРешетников
_bА. Г.
_cиздатель
_f18 в.-19 в.
_gАндрей Гордеевич
_3RU\NLR\AUTH\77104105
_987030
702 1 _aВодопьянов
_bИ.Н.
_gИван Никитич
_4610
702 1 _aПисчеков
_bД.Я.
_f1758-1825
_gДаниил Яковлевич
_4730
712 0 0 _aРешетников
_gА.Г.
_hТипография
_cМосква
_4610
790 1 _6z02700
_aЭллиот
_bИ.
_gИван
801 0 _aRU
_bNLR
_c19990906
852 _aNLR
_j18.37.6.57
899 _aРГБ
899 _aКирОУНБ
899 _aБАН
899 _aМГУ
899 _aГПИБ
899 _aВладОУНБ
942 _cBOOK
980 _aNB
980 _aA1XVIIIv